Diario / (Record no. 176298)

MARC details
000 -LEADER
campo de control de longitud fija 00913nam a22002415i 4500
001 - NÚMERO DE CONTROL
campo de control 176298
003 - IDENTIFICADOR DE NÚMERO DE CONTROL
campo de control ES-MaACL
005 - FECHA Y HORA DE LA ÚLTIMA TRANSACCIÓN
campo de control 20250714101704.0
008 - DATOS DE LONGITUD FIJA--INFORMACIÓN GENERAL
campo de control de longitud fija 110107s1971 sp |||| | spa d
080 ## - NÚMERO DE LA CLASIFICACIÓN DECIMAL UNIVERSAL
Número de la Clasificación Decimal Universal 929 Huguenin, Jean-René
100 1# - ENTRADA PRINCIPAL--NOMBRE DE PERSONA
Nombre de persona Huguenin, Jean-René.
9 (RLIN) 144612
245 10 - MENCIÓN DEL TÍTULO
Título Diario /
Mención de responsabilidad, etc. Jean-René Huguenin ; prefacio de François Mauriac ; versión del francés por M. Gómez Molleda.
260 ## - PUBLICACIÓN, DISTRIBUCIÓN, ETC.
Lugar de publicación, distribución, etc. Madrid :
Nombre del editor, distribuidor, etc. Narcea,
Fecha de publicación, distribución, etc. D. L. 1971.
300 ## - DESCRIPCIÓN FÍSICA
Extensión 312 p. ;
Dimensiones 19 cm.
490 1# - MENCIÓN DE SERIE
Mención de serie Bitácora. Biblioteca del estudiante ;
Designación de volumen o secuencia 11
594 ## - Nota al título y mención de responsabilidad
Nota al título y mención de responsabilidad Tít. original: Journal.
600 14 - PUNTO DE ACCESO ADICIONAL DE MATERIA--NOMBRE DE PERSONA
Nombre de persona Huguenin, Jean-René-
Subdivisión de forma Biografías.
9 (RLIN) 144613
700 1# - ENTRADA AGREGADA--NOMBRE PERSONAL
Nombre de persona Mauriac, François,
Fechas asociadas al nombre 1885-1970
9 (RLIN) 79251
700 1# - ENTRADA AGREGADA--NOMBRE PERSONAL
Nombre de persona Gómez Molleda, María Dolores,
Fechas asociadas al nombre 1922-2017
9 (RLIN) 58053
830 0# - PUNTO DE ACCESO ADICIONAL DE SERIE-TÍTULO UNIFORME
Título uniforme Bitácora. Biblioteca del estudiante ;
Designación de volumen o secuencia 11
9 (RLIN) 181903
852 ## - LOCALIZACIÓN
Ubicación ES-MaACL
Número de control de estantería E-13943
Encuadernación Olim P-1892
Holdings
Estatus retirado Estado de pérdida Estado de daño No para préstamo Biblioteca de origen Biblioteca actual Ubicación en estantería Fecha de adquisición Fuente de adquisición Total de préstamos Signatura topográfica completa Código de barras Visto por última vez Precio de reemplazo Tipo de ítem Koha
        Biblioteca del Ateneo de Madrid Biblioteca del Ateneo de Madrid Depósito 2 07/01/2011     E-13943 1185152 23/02/2023 23/02/2023 Libro impreso